|
|
|
|
| LEADER |
01322nam a2200349 a 4500 |
| 001 |
c000386051 |
| 003 |
CARM |
| 005 |
00000000000000.0 |
| 008 |
000620s1999 ne 000 0 eng d |
| 010 |
|
|
|a 00710057
|
| 019 |
1 |
|
|a 21582963
|5 LACONCORD2021
|
| 020 |
|
|
|a 0792361415
|
| 020 |
|
|
|a 9282010988 (Unesco)
|
| 035 |
|
|
|a (OCoLC)222784136
|5 LACONCORD2021
|
| 040 |
|
|
|a ADEET
|b eng
|c ADEET
|
| 041 |
0 |
|
|a engfre
|b gerrusspa
|
| 050 |
0 |
0 |
|a LB45
|b .L42 1999
|
| 082 |
0 |
4 |
|a 370.1
|
| 245 |
0 |
0 |
|a Learning, knowledge and cultural context /
|c edited by Linda King.
|
| 260 |
|
|
|a Dordrecht, Netherlands :
|b Kluwer Academic,
|c 1999.
|
| 300 |
|
|
|a pp. 245-376 ;
|c 24 cm.
|
| 490 |
0 |
|
|a IRE Library.
|
| 500 |
|
|
|a Reprint from "International review of education", vol. 45, nos. 3-4, 1999.
|
| 504 |
|
|
|a Includes bibliographical references.
|
| 546 |
|
|
|a English and French; summaries in German, Russian, and Spanish.
|
| 650 |
|
0 |
|a Education
|x Cross-cultural studies.
|
| 650 |
|
0 |
|a Learning
|x Cross-cultural studies.
|
| 700 |
1 |
2 |
|a King, Linda.
|
| 740 |
0 |
|
|a International review of education.
|
| 852 |
8 |
|
|b CARM
|h A3:AI03E0
|i C12545
|p 0476327
|f BK
|
| 999 |
f |
f |
|i cd84d714-e7fa-57bc-9266-43acaa42df50
|s 6367f18c-206f-569a-9d2e-9a577829d8e0
|
| 952 |
f |
f |
|p Can circulate
|a CAVAL
|b CAVAL
|c CAVAL
|d CARM 1 Store
|e C12545
|f A3:AI03E0
|h Other scheme
|i book
|m 0476327
|